[Event "CAN op"]
[Site "Hamilton CAN"]
[Date "2022.07.12"]
[Round "1.12"]
[White "Fedorowicz, John"]
[Black "Kim, Noah"]
[Result "1-0"]
[WhiteElo "2495"]
[BlackElo "2000"]
[PlyCount "89"]
[EventDate "2022.07.12"]
[EventType "swiss"]
[EventRounds "9"]
[EventCountry "CAN"]

1. d4 Nf6 2. c4 g6 3. Nf3 Bg7 4. g3 O-O 5. Bg2 d6 6. Nc3 Nc6 7. O-O Bg4 8. h3
Bxf3 9. Bxf3 Nd7 10. e3 e5 11. dxe5 Ndxe5 12. Be2 a5 13. Bd2 Nd7 14. Rb1 Nc5
15. b3 Re8 16. Bf3 Ne5 17. Bg2 c6 18. Ne2 f5 19. Qc2 Qc7 20. Bc3 Ned7 21. Bxg7
Kxg7 22. Qc3+ Nf6 23. Rfd1 Rad8 24. a3 Kf7 25. b4 axb4 26. axb4 Ne6 27. Qc2 Rd7
28. Nc3 Red8 29. Qa2 Ng5 30. Rd4 d5 31. cxd5 cxd5 32. Nxd5 Nxd5 33. Rxd5 Rxd5
34. Bxd5+ Kg7 35. h4 Ne4 36. Bxe4 fxe4 37. Qe6 Qc2 38. Qe7+ Kh6 39. Rf1 Rd5 40.
Qxb7 Qc4 41. Qf7 Qd3 42. Qf8+ Kh5 43. Qf4 h6 44. g4+ Kxh4 45. Kg2 1-0

[Event "CAN op"]
[Site "Hamilton CAN"]
[Date "2022.07.12"]
[Round "1.13"]
[White "Chen, Rachel Ruoxuan"]
[Black "Rodrigue-Lemieux, Shawn"]
[Result "0-1"]
[WhiteElo "1988"]
[BlackElo "2493"]
[PlyCount "52"]
[EventDate "2022.07.12"]
[EventType "swiss"]
[EventRounds "9"]
[EventCountry "CAN"]

1. e4 c6 2. Nf3 d5 3. d3 Qc7 4. Nc3 e6 5. g3 dxe4 6. Nxe4 Be7 7. Bh3 Nf6 8. Qe2
Nxe4 9. dxe4 b6 10. Bf4 Bd6 11. Bxd6 Qxd6 12. Qd2 Qxd2+ 13. Nxd2 c5 14. e5 Bb7
15. O-O Ke7 16. Rfd1 g5 17. f4 gxf4 18. gxf4 Na6 19. Nf1 Nb4 20. Ne3 Be4 21.
Bg2 Rhg8 22. Rd2 Nxc2 23. Nxc2 Rad8 24. Rad1 Rxg2+ 25. Rxg2 Rxd1+ 26. Kf2 Bxg2
0-1

[Event "CAN op"]
[Site "Hamilton CAN"]
[Date "2022.07.12"]
[Round "1.14"]
[White "Song, Edward"]
[Black "Su, Ethan"]
[Result "1-0"]
[WhiteElo "2474"]
[BlackElo "1987"]
[PlyCount "79"]
[EventDate "2022.07.12"]
[EventType "swiss"]
[EventRounds "9"]
[EventCountry "CAN"]

1. e4 c5 2. Nc3 Nc6 3. f4 e6 4. Nf3 a6 5. g3 Qc7 6. Bg2 Nge7 7. d3 g6 8. Be3 b6
9. d4 cxd4 10. Nxd4 Bg7 11. e5 f6 12. Nxc6 dxc6 13. Ne4 fxe5 14. Nd6+ Kf8 15.
fxe5 Bxe5 16. Bh6+ Kg8 17. O-O Nf5 18. Nxf5 gxf5 19. Qh5 Bb7 20. Rae1 Bd4+ 21.
Kh1 Qf7 22. Qg5+ Bg7 23. Rxe6 c5 24. Re7 Bxg2+ 25. Kxg2 Qxe7 26. Qxe7 Bxh6 27.
Rxf5 Rf8 28. Rxf8+ Bxf8 29. Qe6+ Kg7 30. Qxb6 Be7 31. Qxa6 Rd8 32. Kh3 Rd6 33.
Qb7 Rh6+ 34. Kg2 Kf7 35. a4 Rd6 36. a5 Rd2+ 37. Kh3 h5 38. a6 h4 39. a7 hxg3
40. hxg3 1-0

[Event "CAN op"]
[Site "Hamilton CAN"]
[Date "2022.07.12"]
[Round "1.15"]
[White "Guo, Veronica (Yu Han)"]
[Black "Zhang, Yuanchen"]
[Result "1-0"]
[WhiteElo "1984"]
[BlackElo "2464"]
[PlyCount "87"]
[EventDate "2022.07.12"]
[EventType "swiss"]
[EventRounds "9"]
[EventCountry "CAN"]

1. d4 Nf6 2. c4 e6 3. Nc3 Bb4 4. e3 O-O 5. Nge2 Re8 6. a3 Bf8 7. e4 d6 8. Ng3
c5 9. dxc5 dxc5 10. Bg5 Nc6 11. f4 h6 12. Bh4 Qxd1+ 13. Rxd1 a6 14. e5 Ng4 15.
Nce4 Ne3 16. Rc1 Nd4 17. Nh5 Kh8 18. Bf2 Nxf1 19. Rxf1 b6 20. Bxd4 cxd4 21. b4
Bb7 22. Nd6 Bxd6 23. exd6 e5 24. c5 bxc5 25. bxc5 Bc6 26. Kd2 e4 27. Ng3 Rab8
28. Rb1 Bb5 29. Nxe4 Bxf1 30. Rxf1 Rxe4 31. c6 Ree8 32. d7 Red8 33. c7 Ra8 34.
Rb1 Kg8 35. Rb7 Kf8 36. Ra7 Rac8 37. dxc8=Q Rxc8 38. Kd3 Ke7 39. Kxd4 Kd7 40.
Kd5 h5 41. Kc5 a5 42. Kb6 a4 43. Rxa4 Rxc7 44. Ra7 1-0

[Event "CAN op"]
[Site "Hamilton CAN"]
[Date "2022.07.12"]
[Round "1.16"]
[White "Chiku-Ratte, Olivier-Kenta"]
[Black "Jiang, Kate"]
[Result "1-0"]
[WhiteElo "2458"]
[BlackElo "1982"]
[PlyCount "167"]
[EventDate "2022.07.12"]
[EventType "swiss"]
[EventRounds "9"]
[EventCountry "CAN"]

1. Nf3 Nf6 2. d4 d5 3. g3 e6 4. c4 Be7 5. Bg2 O-O 6. O-O b6 7. Qc2 Bb7 8. cxd5
exd5 9. Nc3 c5 10. Rd1 Nc6 11. dxc5 Nb4 12. Qf5 g6 13. Qg5 Bxc5 14. Ne1 Be7 15.
Be3 Na6 16. Bd4 Nc7 17. Qh6 Ne6 18. Nf3 Bc5 19. Bh3 Nxd4 20. Nxd4 Qe7 21. Qg5
Ne4 22. Qxe7 Bxe7 23. Rac1 Bg5 24. e3 Rfe8 25. Nxe4 dxe4 26. Rc7 Re7 27. Rdc1
Rae8 28. Nb5 Rxc7 29. Rxc7 Re7 30. Rxe7 Bxe7 31. Nxa7 Bd5 32. b3 f5 33. Nb5 Kf7
34. g4 Be6 35. gxf5 gxf5 36. Nd4 Kf6 37. Bf1 Bc5 38. Ne2 b5 39. a4 b4 40. Nc1
Bd6 41. Bc4 Bc8 42. Ne2 Kg5 43. Nd4 Bb7 44. Be6 f4 45. Bd7 fxe3 46. fxe3 Be5
47. Nc2 Bd6 48. Be6 Bc5 49. Bc4 h5 50. a5 h4 51. a6 Ba8 52. Kg2 Kg4 53. Nd4 Bb6
54. Be6+ Kg5 55. Bc8 Bd5 56. Bb7 Bxb3 57. Nxb3 Bxe3 58. Bxe4 Kf4 59. Bd5 Ke5
60. Kf3 Ba7 61. Bb7 Bb6 62. h3 Kf5 63. Ke2 Ke6 64. Kd3 Kd7 65. Kc4 Kc7 66. Kxb4
Be3 67. Kb5 Bb6 68. Nc5 Ba7 69. Bf3 Kd6 70. Nd3 Kc7 71. Kc4 Kd6 72. Nb4 Kc7 73.
Kd5 Kb6 74. Be2 Bb8 75. Nc6 Bg3 76. Nd4 Bf2 77. Nf5 Kc7 78. Ke4 Kd7 79. Kf4 Ke6
80. Ne3 Bg3+ 81. Kg4 Bb8 82. Kxh4 Kf6 83. Kg4 Kg6 84. Nc4 1-0

[Event "CAN op"]
[Site "Hamilton CAN"]
[Date "2022.07.12"]
[Round "1.17"]
[White "Hasku, Dashnor"]
[Black "Talukdar, Rohan"]
[Result "1-0"]
[WhiteElo "1963"]
[BlackElo "2457"]
[PlyCount "125"]
[EventDate "2022.07.12"]
[EventType "swiss"]
[EventRounds "9"]
[EventCountry "CAN"]

1. e4 c5 2. Nf3 d6 3. d4 cxd4 4. Nxd4 Nf6 5. Nc3 a6 6. Be3 e5 7. Nb3 Be6 8. Be2
Be7 9. O-O O-O 10. f4 exf4 11. Bxf4 Nc6 12. Kh1 Rc8 13. Nd4 Qb6 14. Nxe6 fxe6
15. Bc4 Nd8 16. Bb3 Rxc3 17. bxc3 Nxe4 18. Qd4 Qc6 19. Rae1 Nc5 20. Bg3 Rxf1+
21. Rxf1 Ne4 22. Rf4 Nxg3+ 23. hxg3 h6 24. Qe3 Qd7 25. Re4 d5 26. Qd3 b5 27. c4
bxc4 28. Rxc4 Nb7 29. Ba4 Qd8 30. Rg4 h5 31. Rf4 Bd6 32. Rf3 Qg5 33. Qxa6 h4
34. Bd7 Qh6 35. g4 Kh7 36. Qd3+ Kh8 37. Qe3 Nc5 38. Qxh6+ gxh6 39. Be8 Ne4 40.
a4 Ng3+ 41. Kg1 e5 42. Rf6 Bc5+ 43. Kh2 e4 44. Rxh6+ Kg8 45. Re6 e3 46. Bb5 Bd4
47. c3 Kf7 48. Re8 Bb6 49. Re5 e2 50. Kh3 Bc7 51. Re8 Bd8 52. Re3 Bg5 53. Rxe2
Nxe2 54. Bxe2 Ke6 55. a5 Kd6 56. a6 Kc6 57. c4 d4 58. c5 Kc7 59. Bf3 Kb8 60. c6
Bd8 61. g5 Bxg5 62. c7+ Kxc7 63. a7 1-0

[Event "CAN op"]
[Site "Hamilton CAN"]
[Date "2022.07.12"]
[Round "1.18"]
[White "Vera, Reynaldo"]
[Black "Palsson, Halldor"]
[Result "1-0"]
[WhiteElo "2445"]
[BlackElo "1962"]
[PlyCount "51"]
[EventDate "2022.07.12"]
[EventType "swiss"]
[EventRounds "9"]
[EventCountry "CAN"]

1. c4 e6 2. Nf3 f5 3. g3 Nf6 4. Bg2 d5 5. O-O c6 6. b3 Bd6 7. Bb2 O-O 8. d3 b6
9. Nbd2 Bb7 10. e4 dxe4 11. dxe4 Ng4 12. Nd4 Qd7 13. Qe2 Bc5 14. exf5 exf5 15.
Qe6+ Kh8 16. N2f3 Bc8 17. Qxd7 Bxd7 18. h3 Nf6 19. Ne5 Ne4 20. Rad1 Bxd4 21.
Rxd4 Nf6 22. Nxd7 Nfxd7 23. Bxc6 Nxc6 24. Rxd7 Rg8 25. Rc7 Nd8 26. Re1 1-0

[Event "CAN op"]
[Site "Hamilton CAN"]
[Date "2022.07.12"]
[Round "1.19"]
[White "Terry, Joshua"]
[Black "Hua, Eugene"]
[Result "1-0"]
[WhiteElo "1958"]
[BlackElo "2392"]
[PlyCount "127"]
[EventDate "2022.07.12"]
[EventType "swiss"]
[EventRounds "9"]
[EventCountry "CAN"]

1. d4 Nf6 2. c4 e6 3. g3 c5 4. Nf3 cxd4 5. Nxd4 Nc6 6. Bg2 Bb4+ 7. Bd2 Be7 8.
Bc3 O-O 9. O-O d5 10. Nd2 Qb6 11. e3 Rd8 12. Rc1 Bd7 13. a3 dxc4 14. Nxc4 Qa6
15. Qb3 Nxd4 16. Bxd4 Bc6 17. Bxc6 bxc6 18. Qc2 c5 19. Be5 Rd5 20. e4 Rd7 21.
Rfd1 Rad8 22. Rxd7 Rxd7 23. f3 Ne8 24. b3 f6 25. Bb2 Nc7 26. Rd1 Qc6 27. a4 Na6
28. Rxd7 Qxd7 29. Qd2 Qxd2 30. Nxd2 Nb4 31. Kf1 Kf7 32. Ke2 g5 33. Nc4 h5 34.
h3 Nc6 35. Kd3 Bd8 36. Bc3 Bc7 37. g4 h4 38. Ke3 Bh2 39. Kd3 Bg1 40. e5 f5 41.
Nd6+ Kg6 42. a5 Bd4 43. Bxd4 Nxd4 44. Kc4 f4 45. b4 Nxf3 46. b5 Nxe5+ 47. Kxc5
Kf6 48. Ne4+ Ke7 49. a6 Kd8 50. Kd6 Nc4+ 51. Kxe6 Kc7 52. Kf6 f3 53. Kxg5 Nd6
54. Nd2 f2 55. Kxh4 Ne4 56. Nf1 Kb6 57. g5 Kxb5 58. g6 Kxa6 59. g7 Nf6 60. Kg5
Ng8 61. h4 Kb5 62. h5 a5 63. h6 a4 64. h7 1-0

[Event "CAN op"]
[Site "Hamilton CAN"]
[Date "2022.07.12"]
[Round "1.20"]
[White "Ouellet, Maili-Jade"]
[Black "Yuen, Noah Nathaniel"]
[Result "1-0"]
[WhiteElo "2361"]
[BlackElo "1954"]
[PlyCount "87"]
[EventDate "2022.07.12"]
[EventType "swiss"]
[EventRounds "9"]
[EventCountry "CAN"]

1. d4 Nf6 2. c4 e6 3. Nc3 d5 4. cxd5 exd5 5. Bg5 Be7 6. e3 O-O 7. Bd3 c6 8. Qc2
Nbd7 9. Nf3 Re8 10. O-O h6 11. Bf4 Nf8 12. h3 Ne6 13. Bh2 c5 14. Rfe1 Bd7 15.
Bf5 Rc8 16. Rad1 g6 17. Bxg6 fxg6 18. Qxg6+ Ng7 19. Qxh6 Rc6 20. Ne5 Ra6 21.
Qf4 Rf8 22. Ng6 Rf7 23. Qh4 Nh7 24. Nxe7+ Qxe7 25. Qxe7 Rxe7 26. Nxd5 Rf7 27.
dxc5 Rxa2 28. Be5 Be6 29. Nf4 Bc4 30. Rd8+ Rf8 31. Rd4 Bb5 32. Bxg7 Kxg7 33.
Ne6+ Kf7 34. Nxf8 Nxf8 35. b4 Ra6 36. h4 Rg6 37. f3 Ne6 38. Rd6 Bc6 39. Kf2 a5
40. bxa5 Nxc5 41. Rxg6 Kxg6 42. Rd1 Kf5 43. g4+ Ke5 44. h5 1-0

[Event "CAN op"]
[Site "Hamilton CAN"]
[Date "2022.07.12"]
[Round "1.21"]
[White "He, Matthew"]
[Black "Dukic, Zachary"]
[Result "0-1"]
[WhiteElo "1945"]
[BlackElo "2353"]
[PlyCount "92"]
[EventDate "2022.07.12"]
[EventType "swiss"]
[EventRounds "9"]
[EventCountry "CAN"]

1. d4 Nf6 2. c4 g6 3. Nc3 d5 4. cxd5 Nxd5 5. Bd2 Bg7 6. e4 Nxc3 7. Bxc3 O-O 8.
Qd2 c5 9. d5 Bxc3 10. bxc3 e6 11. Bc4 exd5 12. Bxd5 Nd7 13. Nf3 Nb6 14. O-O Kg7
15. c4 Be6 16. Rfd1 Qf6 17. Qc2 Rad8 18. a4 Bg4 19. Ra3 Rd7 20. Rb1 Re8 21. Nd2
Rc7 22. a5 Nxd5 23. cxd5 Be2 24. Re3 Ba6 25. Qc3 Qd4 26. Rc1 Rce7 27. Qxd4+
cxd4 28. Rb3 f5 29. f3 Kf6 30. Rb4 d3 31. Kf2 Ke5 32. g3 Rf8 33. Ke3 f4+ 34.
Kf2 g5 35. g4 h5 36. h3 Rh8 37. Kg2 Reh7 38. gxh5 Rxh5 39. Rbb1 Rxh3 40. Rh1
Rxh1 41. Rxh1 Rxh1 42. Kxh1 Kd4 43. Kg2 Kc3 44. e5 Kxd2 45. d6 Ke2 46. e6 d2
0-1

[Event "CAN op"]
[Site "Hamilton CAN"]
[Date "2022.07.12"]
[Round "1.23"]
[White "Xu, Andrew"]
[Black "Jaferian, Koosha"]
[Result "0-1"]
[WhiteElo "1939"]
[BlackElo "2336"]
[PlyCount "82"]
[EventDate "2022.07.12"]
[EventType "swiss"]
[EventRounds "9"]
[EventCountry "CAN"]

1. e4 c6 2. d4 d5 3. Nd2 dxe4 4. Nxe4 Bf5 5. Ng3 Bg6 6. h4 h6 7. Nf3 Nd7 8. h5
Bh7 9. Bd3 Bxd3 10. Qxd3 e6 11. Bd2 Ngf6 12. Ne4 Be7 13. c4 O-O 14. Bc3 Qc7 15.
Ne5 Rad8 16. f4 c5 17. Qe2 cxd4 18. Bxd4 Nxe4 19. Qxe4 Bb4+ 20. Bc3 Bxc3+ 21.
bxc3 Nc5 22. Qe3 f6 23. Ng6 Nd3+ 24. Kf1 Rfe8 25. Kg1 Qxc4 26. Rh3 Nc5 27. Kh2
Rd3 28. Qf2 Qxc3 29. Rb1 Rxh3+ 30. gxh3 Rd8 31. Re1 Rd2 32. Re2 Ne4 33. Rxd2
Qxd2 34. Qxd2 Nxd2 35. Kg2 Kf7 36. Kf2 Ne4+ 37. Kf3 Nc3 38. a3 a5 39. Ke3 Nb5
40. a4 Nc3 41. Kd3 Nxa4 0-1

[Event "CAN op"]
[Site "Hamilton CAN"]
[Date "2022.07.12"]
[Round "1.24"]
[White "Rek, Slava"]
[Black "Colvin, Andrew"]
[Result "1-0"]
[WhiteElo "2331"]
[BlackElo "1937"]
[PlyCount "61"]
[EventDate "2022.07.12"]
[EventType "swiss"]
[EventRounds "9"]
[EventCountry "CAN"]

1. Nf3 d5 2. g3 Nf6 3. Bg2 e6 4. O-O Be7 5. d3 O-O 6. Nbd2 b6 7. e4 dxe4 8.
dxe4 Ba6 9. Re1 Bc5 10. e5 Ng4 11. Ne4 Qxd1 12. Rxd1 Be2 13. Re1 Bxf3 14. Bxf3
Nxe5 15. Bg2 Be7 16. Nc3 Nec6 17. Nb5 a6 18. c4 axb5 19. cxb5 Ra5 20. bxc6 Bd6
21. Be3 Na6 22. a3 Ra8 23. Rad1 Be5 24. b4 Rxa3 25. Bc1 Ra1 26. Rxe5 Nxb4 27.
Ree1 Nc2 28. Rf1 f6 29. Rd7 Rc8 30. Bh3 f5 31. Bb2 1-0

[Event "CAN op"]
[Site "Hamilton CAN"]
[Date "2022.07.12"]
[Round "1.25"]
[White "Wang, Derek"]
[Black "Perez Rodriguez, Luis Manuel"]
[Result "0-1"]
[WhiteElo "1934"]
[BlackElo "2320"]
[PlyCount "64"]
[EventDate "2022.07.12"]
[EventType "swiss"]
[EventRounds "9"]
[EventCountry "CAN"]

1. Nf3 d5 2. c4 d4 3. b4 g5 4. Bb2 Bg7 5. e3 e5 6. d3 g4 7. Nfd2 Ne7 8. g3 h5
9. e4 Qd6 10. a3 a5 11. c5 Qg6 12. Nc4 axb4 13. axb4 Rxa1 14. Bxa1 O-O 15. Nbd2
f5 16. Be2 f4 17. Qb3 Be6 18. Qa3 Qf7 19. Rf1 Nd7 20. Qa7 Rb8 21. Bd1 Qf8 22.
Qa3 Ra8 23. Qc1 Nc6 24. Qb1 Nxb4 25. Qxb4 Rxa1 26. Qxb7 Nxc5 27. Qxc7 Nxd3+ 28.
Ke2 Nc1+ 29. Ke1 f3 30. Nb2 Qb4 31. Qd8+ Kh7 32. Qg5 Bh6 0-1

[Event "CAN op"]
[Site "Hamilton CAN"]
[Date "2022.07.12"]
[Round "1.26"]
[White "Rusonik, Max"]
[Black "Hua, Michelle"]
[Result "1-0"]
[WhiteElo "2312"]
[BlackElo "1930"]
[PlyCount "55"]
[EventDate "2022.07.12"]
[EventType "swiss"]
[EventRounds "9"]
[EventCountry "CAN"]

1. e4 c5 2. Nf3 d6 3. d4 cxd4 4. Nxd4 Nf6 5. Nc3 g6 6. Be3 Bg7 7. f3 O-O 8. Qd2
Nc6 9. O-O-O d5 10. exd5 Nxd5 11. Nxc6 bxc6 12. Bd4 Bxd4 13. Qxd4 Qb6 14. Na4
Qc7 15. Bc4 Rd8 16. Rhe1 Bf5 17. Qe5 Qa5 18. Bb3 f6 19. Qxe7 Re8 20. Qxe8+ Rxe8
21. Rxe8+ Kg7 22. g4 Bd7 23. Ree1 Bc8 24. Bxd5 Qxa4 25. Re4 Qb5 26. Re7+ Kh6
27. Bg8 a5 28. h4 1-0

[Event "CAN op"]
[Site "Hamilton CAN"]
[Date "2022.07.12"]
[Round "1.27"]
[White "Perez, Gilbert"]
[Black "Chen, Max"]
[Result "0-1"]
[WhiteElo "1928"]
[BlackElo "2299"]
[PlyCount "98"]
[EventDate "2022.07.12"]
[EventType "swiss"]
[EventRounds "9"]
[EventCountry "CAN"]

1. e4 c5 2. Nc3 Nc6 3. f4 g6 4. Nf3 Bg7 5. g3 d6 6. h3 e5 7. Bg2 Nge7 8. d3 O-O
9. O-O f5 10. Ne2 d5 11. exd5 Nxd5 12. fxe5 Nxe5 13. Nf4 Nxf4 14. Bxf4 Nc6 15.
c3 Be6 16. Ng5 Bd5 17. Bxd5+ Qxd5 18. Qb3 Qxb3 19. axb3 Rfe8 20. Rfe1 Ne5 21.
Bxe5 Bxe5 22. Kg2 a6 23. Nf3 Bf6 24. Rxe8+ Rxe8 25. Re1 Rxe1 26. Nxe1 Kf7 27.
Kf3 Ke6 28. Nc2 a5 29. Na3 Kd5 30. Nc4 Bd8 31. g4 fxg4+ 32. hxg4 b5 33. Ne3+
Ke5 34. Nd1 Bg5 35. Ne3 Bxe3 36. Kxe3 h5 37. gxh5 gxh5 38. Kf3 b4 39. Kg3 h4+
40. Kxh4 Kf4 41. d4 bxc3 42. bxc3 c4 43. bxc4 a4 44. c5 a3 45. c6 a2 46. c7
a1=Q 47. c8=Q Qh1+ 48. Qh3 Qg1 49. Qd3 Qg4# 0-1

[Event "CAN op"]
[Site "Hamilton CAN"]
[Date "2022.07.12"]
[Round "1.28"]
[White "Chen, Richard"]
[Black "Klein, Gernot"]
[Result "1-0"]
[WhiteElo "2276"]
[BlackElo "1925"]
[PlyCount "107"]
[EventDate "2022.07.12"]
[EventType "swiss"]
[EventRounds "9"]
[EventCountry "CAN"]

1. e4 c5 2. Nf3 e6 3. d4 cxd4 4. Nxd4 a6 5. Nc3 Qc7 6. Bd3 Nf6 7. O-O Be7 8.
Be3 O-O 9. f4 d6 10. f5 b5 11. fxe6 fxe6 12. a3 Nc6 13. Qe2 Nxd4 14. Bxd4 e5
15. Be3 Be6 16. h3 d5 17. exd5 Nxd5 18. Nxd5 Bxd5 19. Bxh7+ Kxh7 20. Qd3+ Kh8
21. Qxd5 Qxc2 22. Qxe5 Bf6 23. Qh5+ Qh7 24. Qxh7+ Kxh7 25. Rf2 Rfe8 26. Re2
Bxb2 27. Rxb2 Rxe3 28. a4 bxa4 29. Rxa4 Re6 30. Ra5 Rf8 31. Rb7 Rff6 32. h4 Rb6
33. Ra7 Rbc6 34. h5 Rb6 35. Rg5 Rb5 36. Rgxg7+ Kh6 37. Rh7+ Kg5 38. Rag7+ Kf4
39. Kh2 a5 40. Rg3 a4 41. Kh3 Ra6 42. Ra3 Ke4 43. g4 Kd4 44. Rc7 Rb3+ 45. Rxb3
axb3 46. Rb7 Kc3 47. g5 Ra5 48. Rxb3+ Kxb3 49. Kg4 Kc4 50. h6 Kd4 51. h7 Ra8
52. g6 Ke5 53. g7 Kf6 54. g8=Q 1-0

[Event "CAN op"]
[Site "Hamilton CAN"]
[Date "2022.07.12"]
[Round "1.29"]
[White "Lazarev, Shon"]
[Black "Zhong, Kevin"]
[Result "0-1"]
[WhiteElo "1924"]
[BlackElo "2275"]
[PlyCount "80"]
[EventDate "2022.07.12"]
[EventType "swiss"]
[EventRounds "9"]
[EventCountry "CAN"]

1. d4 Nf6 2. c4 e6 3. g3 d5 4. Nf3 Be7 5. Bg2 O-O 6. O-O c6 7. Nbd2 b6 8. Qc2
Bb7 9. e4 Na6 10. Re1 Rc8 11. a3 c5 12. dxc5 Nxc5 13. e5 Nfd7 14. b4 Ne4 15.
Bb2 Nxd2 16. Nxd2 Ba6 17. Qa4 dxc4 18. Bc3 Nb8 19. b5 Qe8 20. Bc6 Rxc6 21. bxc6
b5 22. Qc2 Qxc6 23. Ne4 Nd7 24. Qd2 Nc5 25. Qe3 Bb7 26. f3 Nxe4 27. fxe4 a5 28.
Bd4 Rd8 29. Red1 b4 30. Bc5 Rxd1+ 31. Rxd1 Bxc5 32. Rd8+ Bf8 33. Qg5 Qc5+ 34.
Kf1 c3 35. axb4 axb4 36. h4 c2 37. Rxf8+ Qxf8 38. h5 h6 39. Qd2 Qc5 40. Qd8+
Kh7 0-1

[Event "CAN op"]
[Site "Hamilton CAN"]
[Date "2022.07.12"]
[Round "1.30"]
[White "Zomorrodian, Eilia"]
[Black "Pickard, Ryan"]
[Result "1-0"]
[WhiteElo "2263"]
[BlackElo "1920"]
[PlyCount "65"]
[EventDate "2022.07.12"]
[EventType "swiss"]
[EventRounds "9"]
[EventCountry "CAN"]

1. e4 e5 2. Bc4 Nc6 3. Nf3 Bc5 4. c3 Nf6 5. d3 O-O 6. Bb3 d6 7. Nbd2 Be6 8. Nf1
d5 9. Qe2 dxe4 10. dxe4 Bxb3 11. axb3 a5 12. Ng3 Qd7 13. Bg5 Ng4 14. O-O h6 15.
Rad1 Qe6 16. Bh4 Nxf2 17. Rxf2 Bxf2+ 18. Qxf2 g5 19. Nf5 gxh4 20. Qxh4 Qg6 21.
Nxh6+ Kg7 22. Nf5+ Kg8 23. Nxe5 Nxe5 24. Ne7+ Kg7 25. Nxg6 Nxg6 26. Qg5 Rfe8
27. h4 Re5 28. Qg4 Rae8 29. Rf1 Rxe4 30. Qf5 R8e7 31. h5 Nh4 32. Qf6+ Kg8 33.
h6 1-0

[Event "CAN op"]
[Site "Hamilton CAN"]
[Date "2022.07.12"]
[Round "1.31"]
[White "Finlay, Ian"]
[Black "Doknjas, Neil"]
[Result "0-1"]
[WhiteElo "1914"]
[BlackElo "2262"]
[PlyCount "96"]
[EventDate "2022.07.12"]
[EventType "swiss"]
[EventRounds "9"]
[EventCountry "CAN"]

1. Nf3 d5 2. g3 Nf6 3. d3 e6 4. Bg2 Be7 5. O-O O-O 6. Nbd2 c5 7. e4 Nc6 8. Re1
Qc7 9. Qe2 Nd7 10. Nf1 Bd6 11. c3 d4 12. Nh4 Be7 13. f4 Bxh4 14. gxh4 f5 15.
exf5 exf5 16. Bd5+ Kh8 17. Bg2 Nf6 18. Ng3 Bd7 19. Bd2 Rae8 20. Qf3 Qb6 21.
cxd4 Qxb2 22. Be3 cxd4 23. Bf2 Rxe1+ 24. Rxe1 Qxa2 25. h3 a5 26. h5 a4 27. h6
g6 28. Ne2 Re8 29. Bh4 Qf7 30. Qf2 Qe6 31. Bxc6 Bxc6 32. Qxd4 Qe3+ 33. Qxe3
Rxe3 34. Bxf6+ Kg8 35. d4 Kf7 36. Bg7 Bd5 37. Kf2 Rf3+ 38. Kg1 Rxh3 39. Kf2 a3
40. Rc1 a2 41. Ra1 Rb3 42. Nc1 Rb1 43. Rxa2 Bxa2 44. Nxa2 Rb2+ 45. Ke3 Rxa2 46.
d5 Ra4 47. Be5 g5 48. fxg5 Re4+ 0-1

[Event "CAN op"]
[Site "Hamilton CAN"]
[Date "2022.07.12"]
[Round "1.32"]
[White "Saha, Ananda"]
[Black "He, Emma"]
[Result "1-0"]
[WhiteElo "2240"]
[BlackElo "1903"]
[PlyCount "111"]
[EventDate "2022.07.12"]
[EventType "swiss"]
[EventRounds "9"]
[EventCountry "CAN"]

1. d4 d5 2. Nf3 Nf6 3. e3 e6 4. Bd3 Nbd7 5. b3 c5 6. Bb2 b6 7. O-O Bb7 8. Ne5
Bd6 9. f4 Ne4 10. Bxe4 dxe4 11. Nc4 Be7 12. dxc5 O-O 13. cxb6 axb6 14. a4 Bc5
15. Nba3 Qe7 16. Qe2 Nf6 17. Nb5 Nd5 18. Bd4 Rfd8 19. f5 Bc8 20. fxe6 Bxe6 21.
Rad1 f6 22. Rd2 Bf7 23. Qg4 Bg6 24. Bxc5 Qxc5 25. Qe6+ Bf7 26. Qxe4 Re8 27. Qd4
Nxe3 28. Qxc5 bxc5 29. Nxe3 Rxe3 30. Kf2 Re7 31. Re1 Kf8 32. c4 Bg6 33. Rxe7
Kxe7 34. Ke3 Ra6 35. Nc7 Ra7 36. Nd5+ Ke8 37. Re2 Kd7 38. Kd2 Kd6 39. Kc3 Bf7
40. Ne3 Kc6 41. Nf5 Bg6 42. Re7 Ra8 43. Ne3 Rd8 44. Nd5 Rd7 45. Rxd7 Kxd7 46.
b4 cxb4+ 47. Nxb4 Be4 48. g3 Kc7 49. a5 h5 50. Kd4 f5 51. Na6+ Kc6 52. Nc5 Bh1
53. Ne6 g6 54. Nf4 Kb7 55. Kc5 Ka6 56. Kb4 1-0

[Event "CAN op"]
[Site "Hamilton CAN"]
[Date "2022.07.12"]
[Round "1.33"]
[White "Laughlin, Braden"]
[Black "Huang, Youhe"]
[Result "0-1"]
[WhiteElo "1896"]
[BlackElo "2237"]
[PlyCount "64"]
[EventDate "2022.07.12"]
[EventType "swiss"]
[EventRounds "9"]
[EventCountry "CAN"]

1. d4 d5 2. c4 e6 3. Nc3 c6 4. Nf3 dxc4 5. e3 b5 6. a4 Bb4 7. Ne5 Nf6 8. g3 O-O
9. Bg2 Nd5 10. Qc2 Bb7 11. O-O a6 12. Rd1 Nd7 13. e4 Ne7 14. Na2 Bd6 15. Nf3
Ng6 16. h4 h6 17. h5 Ne7 18. Be3 f5 19. e5 Bc7 20. Qd2 Qe8 21. Bxh6 Qxh5 22.
Bg5 Nd5 23. Nh4 f4 24. Bxd5 exd5 25. gxf4 c5 26. axb5 cxd4 27. bxa6 Rxa6 28.
Nb4 Qg4+ 29. Ng2 Rg6 30. f3 Qh3 31. Qf2 d3 32. Qh4 Bb6+ 0-1

[Event "CAN op"]
[Site "Hamilton CAN"]
[Date "2022.07.12"]
[Round "1.34"]
[White "Gavrilin, Roman"]
[Black "Liu, Zachary"]
[Result "1-0"]
[WhiteElo "2235"]
[BlackElo "1891"]
[PlyCount "105"]
[EventDate "2022.07.12"]
[EventType "swiss"]
[EventRounds "9"]
[EventCountry "CAN"]

1. e4 c5 2. Nf3 Nc6 3. Bb5 e6 4. Bxc6 bxc6 5. O-O d5 6. d3 Nf6 7. Nc3 Be7 8. b3
Ba6 9. Re1 O-O 10. Bb2 Rb8 11. Na4 Nd7 12. c4 Nb6 13. Be5 Rb7 14. Nc3 f6 15.
Bg3 e5 16. Qc1 Rd7 17. a4 d4 18. Ne2 Bd6 19. b4 Nc8 20. b5 Bb7 21. Nd2 a6 22.
Qb2 h5 23. h3 g5 24. a5 Rg7 25. Rf1 Kh8 26. Kh1 Qd7 27. bxa6 Bxa6 28. f3 Rfg8
29. Qc1 Rh7 30. Qe1 Ne7 31. Rb1 Bc7 32. Nb3 Bd6 33. Qf2 Rg6 34. Nd2 Nc8 35. Kg1
Qc7 36. Ra1 Bf8 37. Nb3 Qd6 38. Kh1 Be7 39. Bh2 Qe6 40. Ng3 g4 41. Nf5 Bf8 42.
f4 h4 43. Nxh4 Rg8 44. f5 Qd6 45. Ng6+ Kg7 46. Qe2 gxh3 47. g4 Ne7 48. g5 Kf7
49. Nxe5+ fxe5 50. g6+ Nxg6 51. fxg6+ Kxg6 52. Rg1+ Kf7 53. Raf1+ 1-0

[Event "CAN op"]
[Site "Hamilton CAN"]
[Date "2022.07.12"]
[Round "1.35"]
[White "Wu, Jonathan"]
[Black "Han, Johnathan"]
[Result "0-1"]
[WhiteElo "1891"]
[BlackElo "2232"]
[PlyCount "90"]
[EventDate "2022.07.12"]
[EventType "swiss"]
[EventRounds "9"]
[EventCountry "CAN"]

1. e4 c5 2. Nc3 Nc6 3. Bb5 Nd4 4. Nf3 g6 5. Ba4 Bg7 6. d3 e6 7. O-O Ne7 8. Re1
O-O 9. Bg5 d6 10. Nxd4 cxd4 11. Ne2 h6 12. Bd2 d5 13. exd5 Nxd5 14. c3 dxc3 15.
bxc3 Nb6 16. Bc2 Bd7 17. Qc1 Kh7 18. Ng3 Bb5 19. d4 Rc8 20. Nh5 Rh8 21. Qb1 Bc4
22. Re3 Qg5 23. Nxg7 Kxg7 24. Qd1 Bd5 25. Rg3 Qf6 26. Qc1 Nc4 27. Bf4 Qe7 28.
Qd1 Rcg8 29. Qd3 Qf6 30. Bc1 Nd6 31. Qe2 Rc8 32. Ba3 Nf5 33. Bxf5 Qxf5 34. Re1
Rc6 35. h4 Rhc8 36. Bc1 Rxc3 37. Rxc3 Rxc3 38. Bxh6+ Kh7 39. Qd2 Rc2 40. Qe3
Qg4 41. Qg5 Qxd4 42. Rf1 Bc4 43. Bf8 Bxf1 44. Qh6+ Kg8 45. Kh2 Rxf2 0-1

[Event "CAN op"]
[Site "Hamilton CAN"]
[Date "2022.07.12"]
[Round "1.36"]
[White "Buscar, Michael"]
[Black "Latreille, Etienne"]
[Result "1-0"]
[WhiteElo "2223"]
[BlackElo "1888"]
[PlyCount "107"]
[EventDate "2022.07.12"]
[EventType "swiss"]
[EventRounds "9"]
[EventCountry "CAN"]

1. c4 c6 2. Nf3 d5 3. e3 Nf6 4. b3 a6 5. Bb2 Bf5 6. Be2 e6 7. O-O Bd6 8. cxd5
cxd5 9. d3 O-O 10. Nbd2 Qe7 11. a3 e5 12. Nh4 Bd7 13. e4 Nc6 14. Nhf3 b5 15.
exd5 Nxd5 16. Ne4 Nf4 17. Nxd6 Qxd6 18. Re1 Ne6 19. Bf1 f6 20. Nd2 Ncd4 21. a4
Qd5 22. axb5 axb5 23. Rb1 Bc6 24. Bxd4 Nxd4 25. b4 Ra3 26. Ne4 f5 27. Nc5 Rf6
28. Re3 Rg6 29. Rg3 Rh6 30. Qc1 f4 31. Rg5 Ra2 32. Ne4 Ne6 33. Rxe5 Qxe5 34.
Qxc6 Qh5 35. h3 Nf8 36. Qc8 Qd5 37. Rc1 Ra8 38. Qg4 Rc6 39. Rxc6 Qxc6 40. Qxf4
Ra4 41. Nd6 Qd5 42. Nc8 Qe6 43. Nd6 Qd5 44. Nf5 Qe6 45. g4 h6 46. Qd4 Qf7 47.
Bg2 Kh7 48. Be4 g6 49. Nd6 Qd7 50. Qe5 Rxb4 51. Ne8 Rb1+ 52. Kg2 Qf7 53. Bd5
Qa7 54. Nf6+ 1-0